| 000 | 00606nam a2200205 i 4500 | ||
|---|---|---|---|
| 001 | 63722 | ||
| 003 | ES-MaACL | ||
| 005 | 20240516063028.0 | ||
| 007 | t| | ||
| 008 | 031216s1973 sp ||||1| spa d | ||
| 100 | 0 |
_aFierro, Ángel, _c1941- _950712 |
|
| 245 | 1 | 0 |
_aResponde amor / _cÁngel Fierro. |
| 260 |
_aLeón : _b[Instituto Fray Bernardino de Sahagún], _c1973. |
||
| 300 |
_a92 p. ; _c20 cm. |
||
| 490 | 1 |
_aProvincia : colección de poesía ; _v18 |
|
| 830 | 0 | 0 |
_aProvincia (León) ; _v18 _9236377 |
| 852 |
_aES-MaACL _jC-55283 _bR.87840 |
||
| 942 | _2udc | ||
| 999 |
_c63722 _d63722 |
||